01603nam a2200361 a 4500001001100000003000800011006001900019007001500038008004100053010001700094020003600111040002100147035002000168050002200188082002300210100003500233245015700268250001200425260006100437300003100498490004100529504006400570533015200634600005100786650005900837650006000896651003900956655002900995700003201024710001701056830004301073856012501116ebr5006909CaPaEBRm u cr cn|||||||||970523s1997 txuab sb s001 0deng  z 97022086  z1574410342 (cloth : alk. paper) aCaPaEBRcCaPaEBR a(OCoLC)7076932014aE411b.L34 1997eb04a973.6/2/092aB2211 aLaidley, Theodore,d1822-1886.10aSurrounded by dangers of all kindsh[electronic resource] :bthe Mexican War letters of Lieutenant Theodore Laidley /c[compiled] by James M. McCaffrey. a1st ed. aDenton, Tex. :bUniversity of North Texas Press,cc1997. axxiv, 185 p. :bill., map.1 aWar and the Southwest series ;vv. 6 aIncludes bibliographical references (p. 173-177) and index. aElectronic reproduction.bPalo Alto, Calif. :cebrary,d2013.nAvailable via World Wide Web.nAccess may be limited to ebrary affiliated libraries.10aLaidley, Theodore,d1822-1886vCorrespondence. 0aMexican War, 1846-1848vPersonal narratives, American. 0aSoldierszWest VirginiazCabell CountyvCorrespondence. 0aCabell County (W. Va.)vBiography. 7aElectronic books.2local1 aMcCaffrey, James M.,d1946-2 aebrary, Inc. 0aWar and the Southwest series ;vno. 6.40uhttp://site.ebrary.com/lib/rucke/Doc?id=5006909zAn electronic book accessible through the World Wide Web; click to view